| 000 | 00901nam a2200277 a 4500 | ||
|---|---|---|---|
| 999 |
_c200447303 _d65515 |
||
| 003 | TR-AnTOB | ||
| 005 | 20220210130442.0 | ||
| 007 | ta | ||
| 008 | 211230s2020Nisatu#$r40801###$$$$#408408tur u | ||
| 020 | _a9786059897655 | ||
| 040 |
_btur _erda _cTR-AnTOB _aTR-IsYBT _dTR-AnTOB |
||
| 041 | 0 | _atur | |
| 050 | 0 | 0 | _aHT169.T9 |
| 090 | 0 | 0 |
_aHT169.T9 _bK87 2020 |
| 100 |
_aKurtar, Zafer _9135451 _eauthor |
||
| 245 | 1 |
_aKent düzeyinde iklim aksiyon planlama ve Bursa Büyükşehir Belediyesi aksiyon planının incelenmesi / _cZafer Kurtar. |
|
| 264 | 1 |
_aBursa : _bNilüfer Belediyesi , _c2020. |
|
| 300 |
_a142 sayfa .: _bresim, grafik ; _c23 cm. |
||
| 336 |
_ametin _btxt _2rdacontent |
||
| 337 |
_aaracısız _bn _2rdamedia |
||
| 338 |
_acilt _bnc _2rdacarrier |
||
| 504 | _aBIBINDX | ||
| 650 | 7 |
_aİklim değişiklikleri _2etuturkob _975803 _zTürkiye |
|
| 942 |
_2lcc _cBK |
||